Normal view
MARC view
Entry Término temático
001 - NÚMERO DE CONTROL
- campo de control: 164623
003 - IDENTIFICADOR DEL NÚMERO DE CONTROL
- campo de control: OSt
005 - FECHA Y HORA DE LA ÚLTIMA TRANSACCIÓN
- campo de control: 20220127160839.0
008 - DATOS DE LONGITUD FIJA
- campo de control de longitud fija: 220127|| aca||aabn | a|a d
040 ## - FUENTE DE LA CATALOGACIÓN
- Centro catalogador/agencia de origen: OSt
- Centro/agencia transcriptor: OSt
150 ## - ENCABEZAMIENTO--TÉRMINO DE MATERIA
- Término de materia o nombre geográfico como elemento de entrada: Trigo
- Subdivisión general: malas hierbas
- Subdivisión general: control Trigo
- Subdivisión general: México
670 ## - FUENTE DE DATOS ENCONTRADOS
- Cita de la fuente: Work cat.: (OSt)199349: Barrera Moreno, Emiliano 10398, Control químico de chayotillo (Sicyous deppei G. Don) y avena silvestre (Avena fatua L.) en el cultivo de trigo (Triticum saetivum L.) de verano en Cuautlalpan, Edo. de Méx. /
